00465nam a2200157Ia 4500100002500000250000600025942000700031654002300038245007000061260003300131082001400164300000800178546001200186999001700198952009200215 aGottfried /Byron S.  a3 cBK aBasics Programming aschaums outline of theory and problem of programming with Basics bMc Graw HillaNew yorkc1986 a5.13bGOT a386 aENGLISH c25499d25499 001040708CRCaCRCEbCRCEd2023-03-17l0o5.13 GOTp10660r2023-03-17w2023-03-17yBK